00510pab a2200181 454500008004000000100002000040245004800060260000900108300000800117362001100125650004800136650001300184650001400197773001400211909001000225999001700235952007600252180718b1998 xxu||||| |||| 00| 0 eng d aRay, Anil Baran aJ & K Terrorism: need for change in mindset c1998 ap.8 a24 Jan aJammu and Kashmir - Politics and government aViolence aTerrorism aStatesman a37537 c37537d37537 00104070aIIPAbIIPAd2018-07-19pAR37872r2018-07-19w2018-07-19yAR